| 000 | 01122nam a22002537a 4500 | ||
|---|---|---|---|
| 005 | 20170124103046.0 | ||
| 010 | _aB-037205 | ||
| 020 |
_c85.00 _a8126305035 |
||
| 035 | _aB-037205 | ||
| 037 | _bCen Lib/Ret | ||
| 040 |
_aDPL _bHN |
||
| 082 |
_aक _bजैनज |
||
| 100 |
_aजैन, जगदीशचंद्र _942961 |
||
| 245 |
_aडो हजार वर्ष पुरानी कहानी / _c जगदीशचंद्र जैन |
||
| 246 |
_aDo hajar varsh purani kahani _bby Jagdishchandra Jain |
||
| 260 |
_aनई दिल्ली _bभारतीय ज्ञानपीठ प्रकाशन _c2000 |
||
| 270 |
_a18,इंडस्ट्रियल एरिया लोधी रोड _bनई दिल्ली _e110003 |
||
| 300 |
_a152पृष्ठ. _c21सेमी(सजिल्द) |
||
| 650 |
_aहिंदी साहित्य _969014 |
||
| 650 |
_aहिंदी कहानी - धार्मिक _969015 |
||
| 650 |
_aHindi literature _969016 |
||
| 650 |
_aHindi story Religious _969017 |
||
| 942 |
_2ddc _cHN _hक _mजैनज |
||
| 999 |
_c116926 _d116926 |
||